000 00534nam a2200193Ia 4500
001 64938
003 OSt
005 20150702130556.0
008 150303s9999 xx 000 0 und d
020 _aNA
040 _cPK-LaUMT
082 _a 891.4393
_bRAZ-R
100 _aRazia Butt(رضیہ بٹ)
245 _aRaabi (Urdu)(رابی)
_cRazia Butt(رضیہ بٹ)
260 _aLahore,Pakistan:(لاہور، پاکستان )
_bMaqbool Academy,(مقبول اکیڈمی)
_c1998
300 _a382 p.
546 _aUR
942 _cBK
_2ddc
999 _c66982
_d66982